Systémové zpracování dat na počítači. 1. díl /

Saved in:
Bibliographic Details
Main Author: Dvořák, Jan (Author)
Format: Book
Language:Czech
Published: Praha : SNTL - Státní nakladatelství technické literatury, 1973
Series:rz1
Subjects:
Online Access: Get full text
Tags: Add Tag
No Tags, Be the first to tag this record!

MARC

LEADER 00000cam a2200000 4500
003 SK-BrCVT
005 20220618075334.0
008 090722s1973 cs e ||||||cze d
035 |a CVTIDWR000425 
040 |a    |b slo  |c    |d   
041 0 |a cze 
044 |a cs 
100 |a Dvořák, Jan  |4 aut 
245 1 0 |a Systémové zpracování dat na počítači.  |n 1. díl /  |c Jan Dvořák 
260 3 |a Praha :  |b SNTL - Státní nakladatelství technické literatury,  |c 1973 
300 |a 127 s. +  |e 10 l. 
653 1 |a spracovanie dát 
830 |a rz1 
974 |a DU  |f Knihy 
999 |c 190899  |d 190899